| 000 | 00437nam a2200193Ia 4500 | ||
|---|---|---|---|
| 008 | 151121s9999||||xx |||||||||||||| ||und|| | ||
| 082 | _a796ред35/O'ne | ||
| 082 | _bHNW-41684 | ||
| 100 | _aO'neill Norman | ||
| 245 | _aIns and Outs | ||
| 260 | _bPelham Books | ||
| 260 | _c-- | ||
| 300 | _a222 | ||
| 600 | _aO'neill Norman | ||
| 630 | _aIns and Outs | ||
| 700 | _aO'neill Norman | ||
| 730 | _aIns and Outs | ||
| 942 | _cBOOK | ||
| 999 |
_c1230585 _d1230582 |
||